Intra-rural migration and settlement changes in Botswana (Record no. 47558)

MARC details
000 -LEADER
fixed length control field 00801nam a2200217 a 4500
008 - FIXED-LENGTH DATA ELEMENTS--GENERAL INFORMATION
fixed length control field 091124s1983 ||||||||||||||||| || u
050 ## - LIBRARY OF CONGRESS CALL NUMBER
Classification number ASC(08)RR/20
100 ## - MAIN ENTRY--PERSONAL NAME
Personal name Silitshena, R. M. K
245 10 - TITLE STATEMENT
Title Intra-rural migration and settlement changes in Botswana
Statement of responsibility, etc. by R.M.K. Silitshena
260 ## - PUBLICATION, DISTRIBUTION, ETC.
Place of publication, distribution, etc. Leiden:
Name of publisher, distributor, etc. ASC
Date of publication, distribution, etc. 1983
300 ## - PHYSICAL DESCRIPTION
Extent 230p.
350 ## - PRICE (NR) (BK AM CF MU VM SE) [OBSOLETE]
Price 0.00
490 ## - SERIES STATEMENT
Series statement ASC Reseach reports
500 ## - GENERAL NOTE
General note Bibliography
650 #7 - SUBJECT ADDED ENTRY--TOPICAL TERM
Topical term or geographic name entry element MIGRATION
Source of heading or term gnd
650 ## - SUBJECT ADDED ENTRY--TOPICAL TERM
Topical term or geographic name entry element HUMAN SETTLEMENT--BOTSWANA
650 ## - SUBJECT ADDED ENTRY--TOPICAL TERM
Topical term or geographic name entry element MIGRATION, INTERNAL--BOTSWANA
650 ## - SUBJECT ADDED ENTRY--TOPICAL TERM
Topical term or geographic name entry element MIGRATION, INTERNAL--AFRICA, SOUTHERN
710 ## - ADDED ENTRY--CORPORATE NAME
Corporate name or jurisdiction name as entry element Africa Studies Centre (ASC)
995 ## - RECOMMENDATION 995 [LOCAL, UNIMARC FRANCE]
-- 0.00
-- CBU-MAIN LIBRARY (Kitwe)
-- 1
-- 0.00
-- 1
-- AVAILABLE
-- Nov 24, 2009
-- International Publications
Holdings
Withdrawn status Lost status Source of classification or shelving scheme Damaged status Not for loan Home library Current library Shelving location Date acquired Total Checkouts Full call number Barcode Date last seen Price effective from Koha item type
          CBU-MAIN LIBRARY, KITWE. CBU-MAIN LIBRARY, KITWE.   11/30/2022   ASC(08)RR/20 03004860 11/30/2022 11/30/2022 MONOGRAPH